| 000 | 00462nam a2200169Ia 4500 | ||
|---|---|---|---|
| 999 |
_c26804 _d26804 |
||
| 003 | OSt | ||
| 005 | 20211029100026.0 | ||
| 008 | 190216s9999||||xx |||||||||||||| ||und|| | ||
| 040 | _coclc | ||
| 082 |
_a294.5 _bAKB/H |
||
| 100 |
_aAkbar, M M _92026 |
||
| 245 | 0 |
_aHaindava Darmavum Darshanavum / _cM M Akbar |
|
| 260 |
_bYuvatha Books, _aKozhikode: |
||
| 300 | _a247p | ||
| 650 | _aPadanam | ||
| 942 |
_cBK _2ddc _h294.5 _iAKB/H _k294.5 _mAKB/H |
||